000 00642nam a2200229Ia 4500
003 OSt
005 20240109085128.0
008 210323s9999||||xx |||||||||||||| ||und||
040 _cSTCPL
041 _aENG
082 _a320
_bSHR-O
100 _aRamphal, Shridath
245 0 _aOne world to share :
_bSelected speeches of the commonwealth secretary-general, 1975-9 /
_cby Shridath Ramphal
260 _aLondon :
_bHutchinson Benham ,
_c1979 .
300 _a444 p.
_bHB
650 _apolitical science
650 _aCommonwealth
650 _aHuman disparities
650 _aNew dynamic of regionalism
942 _cBK
942 _2ddc
999 _c28300
_d28300